000 00420nam a22001817a 4500
003 MPLRDC
005 20220104114654.0
008 210129b ||||| |||| 00| 0 eng d
020 _a7-80061-591-X
082 _a292.1 LH
100 _a李桦编著
245 _a八卦纵横
_c
250 _a一版一刷
260 _a
_b团结出版社
_c1991
300 _b
650 _a占卜--易占
942 _cBK
_o292.1 LH
999 _c9312
_d9302